000 00683nam a22002177a 4500
005 20251108170556.0
008 250721s1993 xx 000 0 ara d
020 _a9770135429
082 1 4 _aط/792.5/بدو
100 1 _aبدوي، فؤاد
245 1 0 _aرسالة جميلة لكاتب المقالة /
264 1 _aالقاهرة :
_bالهيئة المصرية العامة للكتاب،
_c1993.
300 _a36 ص.
650 1 7 _aالفنون الإستعراضية
650 1 7 _aالأوبرا
650 1 7 _aمسرح
650 1 7 _aأدب الأطفال
653 _aأطفال مرحلة متوسطة ( 6 - 9 سنوات )
942 _2ddc
_cBK
999 _c43879
_d43879